Guess the Famous People from their Eyes #10 - Statistics

General Stats
  • This quiz has been taken 483 times
  • The average score is 6 of 16
Answer Stats
Picture Answer % Correct
Leonardo DiCaprio
94%
Amy Winehouse
74%
Chris Evans
69%
Denzel Washington
56%
Neymar
52%
Bob Marley
44%
Alicia Keys
42%
Adriana Lima
38%
Alexandra Daddario
37%
Justin Trudeau
32%
Colin Firth
19%
Ivanka Trump
18%
Grace Kelly
9%
Heather Graham
5%
Jon Bon Jovi
5%
Freida Pinto
2%
No matching quizzes found
Score Distribution
Percent of People with Each Score
Percentile by Number Answered
Your Score History
You have not taken this quiz